[Event "Ruhrgebiet Bezirksliga 16/17"]
[Site "Ruhrgebiet"]
[Date "2017.03.05"]
[Round "9.7"]
[White "Weigang, Peter"]
[Black "Kreutzberg, Steffen"]
[Result "1-0"]
[WhiteElo "1600"]
[BlackElo "1579"]
[PlyCount "117"]
[EventDate "2016.08.28"]
[EventType "team-tourn"]
[EventRounds "11"]
[EventCountry "GER"]
[SourceTitle "EXT 2022"]
[Source "ChessBase"]
[SourceDate "2021.10.06"]
[SourceVersion "1"]
[SourceVersionDate "2021.10.06"]
[SourceQuality "1"]
[WhiteTeam "Hamm Koenigsspringer II"]
[BlackTeam "Kamen SV III"]
[WhiteTeamCountry "GER"]
[BlackTeamCountry "GER"]

1. d4 d5 2. c4 Nf6 3. Nc3 e6 4. Bg5 Be7 5. e3 h6 6. Bh4 0-0 7. Nf3 dxc4 8. Bxc4 Nd5 9. Bxe7 Nxe7 10. 0-0 Nd7 11. Rc1 Nb6 12. Bd3 c6 13. Bb1 Ned5 14. Qc2 g6 15. Ne5 Qf6 16. Ne4 Qg7 17. Nc5 Nf6 18. a3 Nbd7 19. Ncxd7 Nxd7 20. Nc4 e5 21. Rcd1 exd4 22. Rxd4 Nb6 23. Nd6 Rb8 24. Ba2 Nd5 25. Bxd5 cxd5 26. Rxd5 Be6 27. Rd4 Qe5 28. Rfd1 Qg5 29. Qe2 h5 30. Ne4 Qe7 31. Nc3 Bb3 32. R1d2 Rfd8 33. Qb5 Rxd4 34. Rxd4 Be6 35. Qd3 Rc8 36. f3 Qg5 37. Qd2 h4 38. e4 Qf6 39. h3 Qe5 40. Rd8+ Rxd8 41. Qxd8+ Kg7 42. Qxh4 Qd4+ 43. Qf2 Qxf2+ 44. Kxf2 a6 45. Ke3 Kf6 46. f4 Bc4 47. Nd5+ Ke6 48. Kd4 Bf1 49. Ne3 Be2 50. g4 f5 51. gxf5+ gxf5 52. Nxf5 Bf1 53. h4 Be2 54. h5 Kf6 55. Ng3 Bg4 56. e5+ Ke7 57. h6 Kf7 58. f5 Bf3 59. Kc5 1-0

[Event "Ruhrgebiet Bezirksliga 16/17"]
[Site "Ruhrgebiet"]
[Date "2017.01.08"]
[Round "6.7"]
[White "Kreutzberg, Steffen"]
[Black "Jacobs, Armin"]
[Result "1/2-1/2"]
[WhiteElo "1579"]
[BlackElo "1540"]
[PlyCount "46"]
[EventDate "2016.08.28"]
[EventType "team-tourn"]
[EventRounds "11"]
[EventCountry "GER"]
[SourceTitle "EXT 2022"]
[Source "ChessBase"]
[SourceDate "2021.10.06"]
[SourceVersion "1"]
[SourceVersionDate "2021.10.06"]
[SourceQuality "1"]
[WhiteTeam "Kamen SV III"]
[BlackTeam "Luenen Horstmar SC II"]
[WhiteTeamCountry "GER"]
[BlackTeamCountry "GER"]

1. e4 e5 2. Nf3 Nc6 3. Nc3 Bb4 4. a3 Ba5 5. b4 Bb6 6. Nd5 d6 7. c3 Nf6 8. Nxb6 axb6 9. d3 h6 10. Be2 0-0 11. 0-0 Bd7 12. Qc2 Re8 13. Bb2 Ne7 14. d4 Ba4 15. Qc1 exd4 16. cxd4 Ng6 17. e5 dxe5 18. dxe5 Ng4 19. Bd1 N4xe5 20. Nxe5 Nxe5 21. Bxa4 Rxa4 22. Rd1 Qg5 23. Bxe5 Qxe5 1/2-1/2

[Event "Ruhrgebiet Bezirksliga 15/16"]
[Site "Ruhrgebiet"]
[Date "2016.01.10"]
[Round "6.7"]
[White "Kreutzberg, Steffen"]
[Black "Zimmer, Sebastian"]
[Result "1/2-1/2"]
[WhiteElo "1519"]
[BlackElo "1633"]
[PlyCount "86"]
[EventDate "2015.08.30"]
[EventType "team-tourn"]
[EventRounds "9"]
[EventCountry "GER"]
[SourceTitle "EXT 2022"]
[Source "ChessBase"]
[SourceDate "2021.10.06"]
[SourceVersion "1"]
[SourceVersionDate "2021.10.06"]
[SourceQuality "1"]
[WhiteTeam "Kamen SV IV"]
[BlackTeam "Werl SC 1981"]
[WhiteTeamCountry "GER"]
[BlackTeamCountry "GER"]

1. e4 e6 2. e5 d5 3. exd6 Bxd6 4. d4 Nf6 5. Nf3 0-0 6. Bc4 c5 7. dxc5 Bxc5 8. Qxd8 Rxd8 9. 0-0 Nc6 10. Nc3 a6 11. Bg5 b5 12. Bb3 Bb7 13. Rad1 Nd4 14. Nxd4 Bxd4 15. Bxf6 Bxf6 16. Rxd8+ Rxd8 17. Rd1 Rxd1+ 18. Nxd1 a5 19. c4 b4 20. Bc2 Kf8 21. Kf1 Ke7 22. b3 Kd6 23. f3 Kc5 24. Bxh7 Bc6 25. Bc2 Be5 26. h3 Kd4 27. Ke2 Bf4 28. Bd3 g6 29. g4 a4 30. Bc2 axb3 31. axb3 e5 32. h4 e4 33. fxe4 Bxe4 34. Bxe4 Kxe4 35. h5 gxh5 36. gxh5 Kd4 37. c5 Kxc5 38. Kd3 Kd5 39. Ne3+ Ke6 40. Nc2 Bd6 41. Kc4 f5 42. Nxb4 Kf6 43. Nd3 Kg5 1/2-1/2